| 000 | 00551nam a22001577a 4500 | ||
|---|---|---|---|
| 005 | 2012050205295.0 | ||
| 020 |
_a8187317663 _c00.00 |
||
| 035 | _aB-31285 | ||
| 037 |
_aDPL _bENG |
||
| 100 |
_aVadkar, Praveen _946177 |
||
| 245 |
_aConcepts, theories and practice of human rights / _cby Praveen Vadkar |
||
| 260 |
_aDelhi _bRajat Publications _c2000 |
||
| 300 |
_av, 299p. _c20 cms. |
||
| 942 |
_2ddc _cEN _h323 _mVAD |
||
| 999 |
_c65956 _d65956 |
||